Encounter in South India (Record no. 86801)

MARC details
000 -LEADER
fixed length control field 00712cam a22002171 4500
001 - CONTROL NUMBER
control field sa 68015925
003 - CONTROL NUMBER IDENTIFIER
control field DLC
005 - DATE AND TIME OF LATEST TRANSACTION
control field 20260227112649.0
008 - FIXED-LENGTH DATA ELEMENTS--GENERAL INFORMATION
fixed length control field 700701s1965 ii b b 00010 eng
010 ## - LIBRARY OF CONGRESS CONTROL NUMBER
LC control number sa 68015925 //r85
025 ## - OVERSEAS ACQUISITION NUMBER
Overseas acquisition number PL480:I-E-9128
050 0# - LIBRARY OF CONGRESS CALL NUMBER
Classification number BV3280.M25
Item number R9
100 10 - MAIN ENTRY--PERSONAL NAME
Personal name Ryerson, Charles A.
245 10 - TITLE STATEMENT
Title Encounter in South India
Statement of responsibility, etc. [by] Charles A. Ryerson III.
260 0# - PUBLICATION, DISTRIBUTION, ETC.
Place of publication, distribution, etc. Bangalore,
Name of publisher, distributor, etc. Christian Institute for the Study of Religion and Society;
Place of publication, distribution, etc. Washington,
Name of publisher, distributor, etc. Overseas Mission Society
Date of publication, distribution, etc. [1965?]
300 ## - PHYSICAL DESCRIPTION
Extent xi, 97 p.
Other physical details map.
Dimensions 28 cm.
350 ## - PRICE (NR) (BK AM CF MU VM SE) [OBSOLETE]
Price 4.00
504 ## - BIBLIOGRAPHY, ETC. NOTE
Bibliography, etc. note Bibliography: p. 27.
651 #0 - SUBJECT ADDED ENTRY--GEOGRAPHIC NAME
Geographic name Tamil Nadu (India)
General subdivision Description and travel.
650 #0 - SUBJECT ADDED ENTRY--TOPICAL TERM
Topical term or geographic name entry element Missions
Geographic subdivision Tamil Nadu.

No items available.

Powered by Koha